01055nam a2200241Ia 450000500170000000800410001702000150005808200220007311000530009524501890014825000190033730000420035665000440039865000350044265000460047770000540052371000530057726400600063033600270069033700330071733800280075004000350077820220317000659.0160601s1992 ck a g 000 0 spa  a958923909904a746.0986151bM87c1 aMuseo de Artes y Tradiciones Populares. Bogotá10aArtesanía, comunidad y desarrollo, memoria y futuro bcomunidad indígena Waunana, Chocó cMuseo de Artes y Tradiciones Populares, Asociación Colombiana de Promoción Artesanal a1a. edición  a53 páginas bilustraciones c23 cm 142LEMBaArtesanías xAspectos sociales 142LEMBaArtesanías colombianas142LEMBaComunidades indígenas zColombia 1 aQuiceno, Pedro, ill. Rincón, Soniaeilustrador 1 aAsociación Colombiana de Promoción Artesanal aBogotá bMuseo de Artes y Tradiciones Popularesc1992 atextobtxt2rdacontent asin mediaciónbn2rdamedia avolumenbnc2rdacarrier aCO-BoRNBPbspaerdacCO-BoRNBP